Fragment del vitrall de la senyera atribuïble a Antoni Gaudí
Descripción Física:
1 punt de llibre : il·lustracions ; 20 x 7 cm
Idioma:
Catalán
MARC
| LEADER | 00000nrm a2200000 a 4500 | ||
|---|---|---|---|
| 001 | 26279 | ||
| 003 | Arxiu | ||
| 005 | 20260324181130.0 | ||
| 008 | 220719b spa||||| |||| 00| 0 cat d | ||
| 017 | |a DL B 19851-2014 | ||
| 080 | |a NBM-14-60 | ||
| 245 | |a Fragment del vitrall de la senyera atribuïble a Antoni Gaudí | ||
| 260 | |a Barcelona : |b Palau Güell, |c 2014 | ||
| 300 | |a 1 punt de llibre : |b il·lustracions ; |c 20 x 7 cm | ||
| 500 | |a Punt de llibre elaborat pel Palau Güell | ||
| 610 | 2 | 0 | |a Palau Güell (Barcelona) |9 17034 |
| 655 | 0 | |a Punts de llibre |9 52700 | |
| 710 | 2 | |a Palau Güell (Barcelona) |9 17034 | |
| 942 | |2 udc |c ARXIU |n 1 | ||
| 952 | |0 0 |1 0 |4 0 |6 NBM1460 |7 1 |9 62814 |a Arxiu |b Arxiu |d 2022-07-19 |l 0 |o NBM-14-60 |p 26279 |r 2022-07-19 00:00:00 |w 2022-07-19 |y ARXIU | ||
| 999 | |c 82299 |d 82299 | ||